| 000 | 00320nam a22001097a 4500 | ||
|---|---|---|---|
| 008 | 240730b |||||||| |||| 00| 0 eng d | ||
| 040 |
_aNational Science Library _cNational Science Library |
||
| 080 |
_a631.67=60 _bK5 |
||
| 245 | _aUtilizacion de las aguas saladas para riego | ||
| 260 |
_aMadrid: _c1965 |
||
| 942 |
_2udc _cBK |
||
| 999 |
_c65135 _d65135 |
||